LEADER 01330nam a2200301 i 4500 001 000000032419 003 CaOOAMICUS 005 20250918140640.0 008 180830s18501851it u000 u ita u 040 $aSeMil$bita 100 1 $aPiano, Michele.$0(OLS)http://semarc/name/14973 245 10$aIstruzioni dogmatiche parrocchiali e discorsi evangelici /$cdel teologo Michele Piano ; coll'aggiunta di due ragionamenti del dottore Giovanni Labus. 250 $a4. ed. milanese diligentemente riveduta. 260 $aMilano :$bTipografia di Francesco Manini,$c1850-1851. 300 $a6 v. ;$c23 cm. 500 $aConsistenza: 2 copie dell'intera opera. 650 4$aPredicazione - Testi.$0(OLS)http://semarc/subject/510 650 4$aSacerdoti - Ministero - Pastorale.$0(OLS)http://semarc/subject/5202 700 1 $aLabus, Giovanni,$d<1775-1853>.$0(OLS)http://semarc/name/8356 774 0 $tTomo 1.$g1$w()190907 774 0 $tTomo 2.$g2$w()244637 774 0 $tTomo 3.$g3$w()244639 774 0 $tTomo 4.$g4$w()244640 774 0 $tTomo 5.$g5$w()244641 774 0 $tTomo 6.$g6$w()244642 996 $6245$aIstruzioni dogmatiche parrocchiali e discorsi evangelici$9(OLS)http://semarc/title/43964 996 $6260$aMilano :$bTipografia di Francesco Manini$9(OLS)http://semarc/publisher/39317 LEADER 00888nam a2200205 i 4500 001 000000203998 003 CaOOAMICUS 005 20131018000000.0 008 131018s2007 it u000 u fre u 013 $a182715 040 $aSeMil$bita 245 10$a"Dieu a voulu nous apporter un encouragement puissant" :$bHeb 6,18. Lettre d'encouragement aux prêtres. 260 $aBruxelles :$bEditions Licap,$c2007. 300 $a32 p :$bill. ;$c21 cm. 650 4$aPresbiteri - Formazione.$0(OLS)http://semarc/subject/12217 850 $aSeMil 852 $aSeMil$W1$xVenegono$y1$m5D X 19/19$j154492$B154492$CSeMilBibl$Z2$F165340 $81 961 $aOmaggio: Altro 996 $6245$a"Dieu a voulu nous apporter un encouragement puissant" :$bHeb 6,18. Lettre d'encouragement aux prêtres$9(OLS)http://semarc/title/295570 996 $6260$aBruxelles :$bEditions Licap$9(OLS)http://semarc/publisher/38026